<?xml version="1.0" encoding="UTF-8"?>
<record
    xmlns:xsi="http://www.w3.org/2001/XMLSchema-instance"
    xsi:schemaLocation="http://www.loc.gov/MARC21/slim http://www.loc.gov/standards/marcxml/schema/MARC21slim.xsd"
    xmlns="http://www.loc.gov/MARC21/slim">

  <leader>01617nkc a2200277za 4500</leader>
  <controlfield tag="001">84588</controlfield>
  <controlfield tag="003">OSt</controlfield>
  <controlfield tag="005">20260423154306.0</controlfield>
  <controlfield tag="007">kh boc</controlfield>
  <controlfield tag="008">250410s1909    sp ||||| ||||||0| i|spa d</controlfield>
  <datafield tag="040" ind1=" " ind2=" ">
    <subfield code="c">M-RABA</subfield>
    <subfield code="a">M-RABA</subfield>
    <subfield code="b">spa</subfield>
  </datafield>
  <datafield tag="245" ind1="0" ind2="0">
    <subfield code="a">Esa&#xFA; y Jacob</subfield>
    <subfield code="h">[Material gr&#xE1;fico]</subfield>
    <subfield code="c">/ Juli&#xE1;n de San Mart&#xED;n</subfield>
  </datafield>
  <datafield tag="260" ind1=" " ind2=" ">
    <subfield code="c">[ca. 1909]</subfield>
  </datafield>
  <datafield tag="300" ind1=" " ind2=" ">
    <subfield code="a">1 fotograf&#xED;a</subfield>
    <subfield code="b">: gelatina de plata </subfield>
    <subfield code="c">; imagen 19 x 11 cm</subfield>
    <subfield code="c">; soporte secundario 30 x 24 cm</subfield>
  </datafield>
  <datafield tag="500" ind1=" " ind2=" ">
    <subfield code="a">Fotograf&#xED;a del relieve "Esa&#xFA; y Jacob" de Juli&#xE1;n San Mart&#xED;n, obteniendo el primer premio de la Academia en Escultura, de segunda clase en el a&#xF1;o 1781.  Se conserva en el Museo de la Real Academia de Bellas Artes de San Fernando con n&#xBA; de inventario E-137.
</subfield>
  </datafield>
  <datafield tag="500" ind1=" " ind2=" ">
    <subfield code="a">Montada sobre un soporte secundario de cart&#xF3;n, con texto manuscrito a l&#xE1;piz en la parte inferior al recto: "Esa&#xFA; y Jacob. 1781-2&#xAA; clase. 1&#xBA; Premio Juli&#xE1;n San Mart&#xED;n y Monasterio". Al verso a l&#xE1;piz rojo: "1781-2&#xAA; clase / Julio San Mart&#xED;n"</subfield>
  </datafield>
  <datafield tag="501" ind1=" " ind2=" ">
    <subfield code="a">Fecha probable de la realizaci&#xF3;n de la fotograf&#xED;a realizada por Hauser y Menet.</subfield>
  </datafield>
  <datafield tag="544" ind1=" " ind2=" ">
    <subfield code="a">Archivo de la Real Academia de Bellas Artes de San Fernando (Le-4-29-1)</subfield>
  </datafield>
  <datafield tag="610" ind1="2" ind2="4">
    <subfield code="a">Real Academia de Bellas Artes de San Fernando.</subfield>
    <subfield code="9">75832</subfield>
  </datafield>
  <datafield tag="651" ind1=" " ind2="7">
    <subfield code="a">Madrid</subfield>
    <subfield code="2">embne</subfield>
    <subfield code="9">75182</subfield>
  </datafield>
  <datafield tag="655" ind1=" " ind2="7">
    <subfield code="a">Fotograf&#xED;as de obras de arte</subfield>
    <subfield code="9">75675</subfield>
  </datafield>
  <datafield tag="710" ind1="2" ind2=" ">
    <subfield code="a">Real Academia de Bellas Artes de San Fernando.</subfield>
    <subfield code="9">75832</subfield>
  </datafield>
  <datafield tag="852" ind1=" " ind2=" ">
    <subfield code="j">Fot-612</subfield>
  </datafield>
  <datafield tag="856" ind1=" " ind2=" ">
    <subfield code="3">Fot-612</subfield>
    <subfield code="u">https://archivoybiblioteca.realacademiabellasartessanfernando.com/cgi-bin/koha/opac-retrieve-file.pl?id=7e50f780e87a62dbcd39686720678056</subfield>
  </datafield>
  <datafield tag="942" ind1=" " ind2=" ">
    <subfield code="2">ddc</subfield>
    <subfield code="c">FOTOGRAF&#xCD;A</subfield>
    <subfield code="n">0</subfield>
  </datafield>
  <datafield tag="952" ind1=" " ind2=" ">
    <subfield code="0">0</subfield>
    <subfield code="1">0</subfield>
    <subfield code="2">ddc</subfield>
    <subfield code="4">0</subfield>
    <subfield code="7">0</subfield>
    <subfield code="8">FOTOGRAFIA</subfield>
    <subfield code="a">RABASF</subfield>
    <subfield code="b">RABASF</subfield>
    <subfield code="c">DP2</subfield>
    <subfield code="d">2025-04-29</subfield>
    <subfield code="l">0</subfield>
    <subfield code="o">Fot-612</subfield>
    <subfield code="p">1095471</subfield>
    <subfield code="r">2025-04-29 10:10:00</subfield>
    <subfield code="w">2025-04-29</subfield>
    <subfield code="y">FOTOGRAF&#xCD;A</subfield>
  </datafield>
  <datafield tag="999" ind1=" " ind2=" ">
    <subfield code="c">84588</subfield>
    <subfield code="d">84588</subfield>
  </datafield>
</record>
